000 00618nam a22001337a 4500
040 _cRUA
082 _aAGR MEN 2012 B052 Or.1
100 _aMENG KIMHOUR
245 _aEffect of rice husk charcoal and different fertilizers on growth and yield of eggplant,(ប្រសិទ្ធភាពធ្យូងអង្កាម និងប្រភេទជីផ្សេងៗគា្នទៅលើការលូតលាស់ និងទិន្នផលនៃដំណាំត្រប់វែង)
260 _aphnom penh
_bRUA
_c2012
300 _axii, 58p.
_cill.
856 _uMENG KIMHOUR
942 _cAGR
999 _c1216
_d1216